=LDR 00000nam 2200000 4500 =001 INLIS000000000016594 =005 20130612111852 =008 ***********************************Ind** =035 ##$$0010-061300000016594 =041 ##$$a Ind =082 ##$$a 351.003 504 =090 ##$$a 351.003 504, Rev r =245 ##$$a Revolusi belum selesai, Penyunting, Budi Setiyono =260 ##$$a [s.a] $b [s.n] =300 ##$$a xxxi, 443 hlm, ilus, 21 cm =650 ##$$a Presiden-Pidato dan amanat =850 ##$$a NBPNMAT